Southville International School and Colleges
Your cart is empty.
  • Cart
  • Lists
    Public lists Eva Luna New books Lux_list list_1
    Your lists Log in to create your own lists
  • Log in to your account
  • Your cookies
  • Search history
Southville International School and Colleges
  • Advanced search
  • Recent comments
  • Most popular
  • Libraries

Log in to your account

Log in with GOOGLE


If you do not have an external account, but do have a local account, you can still log in:

  1. Home
  2. MARC view: Welcome to Singapore /
Normal view MARC view ISBD view

Welcome to Singapore / (Record no. 112478)

[ view plain ]
MARC details
000 -LEADER
fixed length control field 00669nam a2200181 a 4500
005 - DATE AND TIME OF LATEST TRANSACTION
control field 20140414131937.0
008 - FIXED-LENGTH DATA ELEMENTS--GENERAL INFORMATION
fixed length control field 110120s19uu xx 00 eng d
020 ## - INTERNATIONAL STANDARD BOOK NUMBER
International Standard Book Number 0836825462 (
050 ## - LIBRARY OF CONGRESS CALL NUMBER
Classification number REF 959.57
Item number YON
100 ## - MAIN ENTRY--PERSONAL NAME
Personal name Yong, Jui Lin.
245 ## - TITLE STATEMENT
Title Welcome to Singapore /
Statement of responsibility, etc [written by Yong Jui Lin, James Michael Baker & Junia Marion Baker.
260 ## - PUBLICATION, DISTRIBUTION, ETC. (IMPRINT)
Place of publication, distribution, etc Milwaukee, WI :
Name of publisher, distributor, etc Gareth Stevens Pub.,
Date of publication, distribution, etc 2003.
440 ## - SERIES STATEMENT/ADDED ENTRY--TITLE
Title Welcome to my country
500 ## - GENERAL NOTE
General note Includes bibliographical references [p. 47] and index.
520 ## - SUMMARY, ETC.
Summary, etc An overview of the geography, history, government, economy, people, and culture of Singapore.
650 ## - SUBJECT ADDED ENTRY--TOPICAL TERM
Topical term or geographic name as entry element Singapore.
Holdings
Withdrawn status Lost status Damaged status Home library Current library Shelving location Date acquired Source of acquisition Total Checkouts Full call number Barcode Date last seen Price effective from Koha item type
      Munich Library Munich Library Reference Section 01/20/2011     REF 959.57 YON M3781 04/14/2014 04/14/2014 Books

Welcome to Singapore /

APA

Yong J. L., . (2003). Welcome to Singapore. Milwaukee, WI: Gareth Stevens Pub.

Chicago

Yong Jui Lin, . 2003. Welcome to Singapore. Milwaukee, WI: Gareth Stevens Pub.

Harvard

Yong J. L., . (2003). Welcome to Singapore. Milwaukee, WI: Gareth Stevens Pub.

MLA

Yong Jui Lin, . Welcome to Singapore. Milwaukee, WI: Gareth Stevens Pub. 2003.

  • Place hold
  • Print
  • Cite
  • Add to your cart (remove)
  • Save record
    BIBTEX Dublin Core MARCXML MARC (non-Unicode/MARC-8) MARC (Unicode/UTF-8) MARC (Unicode/UTF-8, Standard) MODS (XML) RIS
  • More searches
    Search for this title in:
    Other Libraries (WorldCat) Other Databases (Google Scholar) Online Stores (Bookfinder.com) Open Library (openlibrary.org)

Exporting to Dublin Core...

SOUTHVILLE LIBRARY

Southville International School and Colleges Library

1281 Tropical Ave. Cor. Luxembourg St., BF Homes International, Las Pinas City

Tel. No. 8256374 / 252358 Loc. 117/146

Powered by Koha